1105 1187 1433 1935 1036 1933 1867 1306 1109 1945 1255 1482 1702 1302 1566 1422 1100 1018 1928 1101 1290 1180 1590 1274 1394 1698 1258 1289 1219 1570 1161 1457 1602 1797 1429 1494 1932 1876 1160 1221 1369 1204 1097 1588 1084 1101 1149 1508 1034 1281 1202 1182 1449 1656 1208 1164 1796 1205 1862 1210 1952 1191 1870 1852 1004 1367 1908 1341 1607 1966 1875 1392 1498 1563 1391 1305 1084 1443 1196 1859 1428 1408 1776 1692 1747 1197 1789 1291 1187 1647 1628 1921 1448 1668 1659 1846 1753 1423 1004 BCNSPRNW ULIB Ver.6.0+V

เปลี่ยนเป็นภาษาไทย

Change to English
 แสดงรายละเอียดบรรณานุกรม
  กลับหน้าหลัก

Brief Record : Get Marc (ISO 2709) : E-mail record : QR code < ปิดหน้าต่าง
LEADER : 00000nam 2200000uu 4500
001    13399120885
003     ULIB
008    121022s2548||||th 000 0 tha d
099    วจ.WT120^bด424ภ
100 0  ดาราวรรณ รองเมือง และรวิวรรณ คำเงิน
245 00 ภาระในการดูแลตนเองและคุณภาพชีวิตของผู้สูงอายุที่มีการมองเห็นเสื่อม/^cดาราวรรณ รองเมือง และรวิวรรณ คำเงิน
260    สุราษฎร์ธานี:^bวิทยาัลัยพยาบาลบรมราชชนนี ,^c2548
700 0  รวิวรรณ คำเงิน
945    ^p0^l0^i032859
995    เกษร
999    ^aใช้งานได้ทุกระบบ
รายการนี้ยังไม่มีแท็ก
คุณยังไม่ได้ล็อกอิน คุณสามารถมีกิจกรรมร่วมกับเว็บไซต์ได้ แต่ต้องล็อกอินก่อน ::
  ล็อกอิน

รายการสื่อสารสนเทศ

ลำดับที่ ประเภท เลขเรียก/บาร์โค้ด สถานที่ สถานะ
1. งานวิจัย
งานวิจัย
วจ.WT120 ด424ภ  
  Barcode: 032859
ห้องสมุดวิทยาเขตสวรรค์ประชารักษ์
►วิจัย
บนชั้น

BibComment


ยังไม่เคยถูกคอมเมนท์

คอมเมนท์ทรัพยากรรายการนี้
  คอมเมนท์: ภาระในการดูแลตนเอ..


 Copyright 2026. Bcnsprnw @Library